Taylor Swift 95 - Statistics

General Stats
  • This quiz has been taken 14 times
    10 since last reset
  • The average score is 195 of 239
Answer Stats
Answer % Correct
a
100%
and
100%
be
100%
can
100%
can't
100%
don't
100%
for
100%
from
100%
I
100%
it
100%
it's
100%
just
100%
know
100%
on
100%
see
100%
that
100%
the
100%
their
100%
they
100%
thing
100%
this
100%
what
100%
when
100%
with
100%
you
100%
your
100%
you're
100%
about
88%
at
88%
baby
88%
but
88%
call
88%
even
88%
in
88%
little
88%
me
88%
myself
88%
no
88%
one
88%
out
88%
show
88%
so
88%
that's
88%
time
88%
you'll
88%
anyone
75%
are
75%
colors
75%
damn
75%
else
75%
eyes
75%
fool
75%
friends
75%
him
75%
kid
75%
language
75%
leave
75%
like
75%
look
75%
made
75%
mess
75%
million
75%
picked
75%
ruin
75%
run
75%
secret
75%
showed
75%
speak
75%
tell
75%
times
75%
wanna
75%
well
75%
would
75%
affairs
63%
always
63%
born
63%
clandestine
63%
dies
63%
down
63%
ends
63%
few
63%
first
63%
flushed
63%
godforsaken
63%
head
63%
high
63%
hood
63%
hundred
63%
idiotic
63%
illicit
63%
keep
63%
lie
63%
longing
63%
lots
63%
meetings
63%
only
63%
over
63%
parking
63%
perfume
63%
scream
63%
single
63%
stares
63%
started
63%
stolen
63%
stop
63%
take
63%
taught
63%
truth
63%
worked
63%
yourself
63%
beautiful
50%
behind
50%
by
50%
drug
50%
dwindling
50%
exist
50%
glance
50%
make
50%
mercurial
50%
nobody
50%
return
50%
road
50%
rooms
50%
sees
50%
shelf
50%
sure
50%
trace
50%
words
50%
less
38%
traveled
38%
No matching quizzes found
Score Distribution
Percent of People with Each Score
Percentile by Number Answered
Your Score History
You have not taken this quiz since the last reset